000 01657nmc a2200529 a 4500
003 AR-BaBNM
005 20251128203949.0
008 135119s1980 ||||||||||||||000 | spa||
020 _a84-7509-019-2
040 _cAR-BaBNM
245 1 0 _aEl método Montessori de educación diferencial
250 _a1ª ed.
260 _aBarcelona
_bPaidós
_c1980
300 _a246 p.
_bgráfs.
490 0 _aBiblioteca del educador contemporáneo. Didáctica Mayor
_vv. 11
500 _aApéndices: A conferencias de M.Montessori sobre educación diferencial - B El compilador. Los colaboradores
500 _aNotas al término de los capítulos
500 _aLecturas recomendas en capítulos
600 1 4 _aFuller, R. Buckminster
600 1 4 _aPiaget, Jean
600 1 4 _aWeber, Robert E.
600 1 4 _aElkind, David
600 1 4 _aHendrickson, Homer
600 1 4 _aOnesti Richardson, Sylvia
600 1 4 _aGitter, Lena
600 1 4 _aStevens, George L.
600 1 4 _aData, Llois-Ellin
600 1 4 _aRietz, Rosetta
600 1 4 _aDunn, Paul J.
600 1 4 _aDean, Edith M.
600 1 4 _aBanta, Thomas J.
600 1 4 _aOfiesh, Gabriel
600 1 4 _aO'Keefe, Ruth Ann
650 4 _aEDUCACION ESPECIAL
650 4 _aALUMNOS ATIPICOS
650 4 _aPSICOLOGIA DEL NINO
650 4 _aDIFICULTADES EN EL APRENDIZAJE
650 4 _aMETODOS DE ENSENANZA
650 4 _aTRABAJO DE INVESTIGACION
650 4 _aTECNOLOGIA EDUCATIVA
653 _aMETODO MONTESSORI
700 1 _aOrem, R.C.
_ecompilador
800 1 _aRomero Brest, Gilda Lamarque de
_edirector
800 1 _aBernstein, Jaime
_edirector
942 _cBK
998 _cEthel
999 _c5633
_d5633